000 00803nam a2200253Ia 4500
003 OSt
005 20220925232538.0
006 a|||||r|||| 00| 0
007 ta
008 220923b |||||||| |||| 00| 0 eng d
037 _cGeneral Book
040 _aRTL
_cRTL
_beng
041 _2eng
_aeng
082 _aX:57.2.N9, N9/GD
110 _aIndia, Economic Analysis and Policy (D/O-)
_9297447
245 0 _aPortfolio selection for management of foreign exchange reserves
260 _aMumbai
_bR B I
_c1999
300 _a50p
_ccm.
490 _aReserve Bank of India. Development Research Group Study; 18
650 _aForeign Exchange
700 _aIndia, Economic Analysis and Policy (D/O-)
_9297448
942 _hX:57.2.N9, N9/GD
_cGB
_2CC
999 _c591588
_d591588